000 00664nam a2200229Ia 4500
003 OSt
005 20220923214556.0
006 a|||||r|||| 00| 0
007 ta
008 220922b |||||||| |||| 00| 0 hin d
024 _a170,995
037 _cTextual
040 _aARTS
_cARTS
_bhin
041 _2hin
_ahin
082 _aO152:3N12:21, J2
100 _aविष्णु प्रभाकर
_9156271
245 0 _aजिन्दगी के थपेड़े
246 _aJindagī ke thapeड़e
260 _c1952
942 _hO152:3N12:21, J2
_cTEXL
_2CC
999 _c325236
_d325236